| 000 | 00768cam a22002411 4500 | ||
|---|---|---|---|
| 001 | af 48004479 | ||
| 003 | DLC | ||
| 005 | 20260227110908.0 | ||
| 008 | 881227s1947 gw a 000 1 ger c | ||
| 010 | _aaf 48004479 | ||
| 035 | _a(OCoLC)18944217 | ||
| 040 |
_aYale Univ. Library _cCU _dCU _dDLC |
||
| 041 | 1 |
_ager _hfre |
|
| 042 | _apremarc | ||
| 050 | 0 | 0 |
_aPQ2601.B54 _bN44 |
| 100 | 1 |
_aAbout, Noële Edmond-, _d1914- |
|
| 245 | 1 | 4 |
_aDie Nase des Herrn Notar, _bErzählung. _c[Übertragen von Wolfheinrich von der Mülbe. |
| 260 |
_aBad Wörrishofen] _bDrei-Säulen-Verlag _c[1947] |
||
| 300 |
_a137 p. _billus. _c19 cm. |
||
| 440 | 4 |
_aDas Heitere Wort, _vBd. 1 |
|
| 500 | _aTranslation of Le nez d'un notaire. | ||
| 700 | 1 |
_aMülbe, Wolf-Heinrich von der, _d1879- _etr. |
|
| 999 |
_c6066 _d6066 |
||